| 000 | 00566nam a2200181Ia 4500 | ||
|---|---|---|---|
| 005 | 20250923144726.0 | ||
| 008 | 008 250917s9999 xx 000 0 eng d | ||
| 037 | _aTextual | ||
| 040 |
_aDSWL _beng _cDSWL |
||
| 041 |
_aeng _2eng |
||
| 084 |
_aY157.81:7:B116 _qDSWL |
||
| 245 | 0 |
_aNot without hope:- Report and recomendation on family relation _cby H.S.A. Housing ( Committiie M-) |
|
| 260 |
_aNew York _bCommunittee Service Society _c1958 |
||
| 365 |
_aUSD _b1.1 |
||
| 925 | _g1.1 | ||
| 942 |
_cTEXL _hY157.81:7:B116 |
||
| 999 |
_c1442529 _d1442529 |
||